000 00490nam a2200193Ia 4500
001 21775
003 GE_BSU
008 181216s||||||||xx |||||||||||||| ||und||
040 _cGE_BSU
080 _aპერიოდიკა
245 _aLe Point №2362. 8 decembre 2017.
260 _aParis
260 _c2017
300 _a98 p. 27cm. ill.
653 _aLe Point №2362. 8 decembre 2017.
653 _aПериодика
653 _aპერიოდიკა
942 _cCR
999 _c54708
_d54708